| 000 | 00549nam a2200205 a 4500 | ||
|---|---|---|---|
| 001 | 19971 | ||
| 003 | CO-ViMGA | ||
| 008 | 141112s2004 ck r 000 u spa d | ||
| 020 | _a8439702078 | ||
| 040 |
_aCO-ViMGA _bspa _cCO-ViMGA |
||
| 082 | 0 | 4 | _a811.38 W447 |
| 100 | 1 | _aWhitman, Walt | |
| 245 | 1 | 0 | _aOh Capitán! Mi Capitán! |
| 260 |
_aMadrid : _bGrijalbo Mondadori; 1998 |
||
| 300 | _a68 p. | ||
| 490 | _aMitos Poesia, ; 6 | ||
| 590 | _aForma de adquisición : Premio Mincultura | ||
| 650 | 1 | 4 |
_aPOESIA ESTADOUNIDENSE _915819 |
| 942 |
_2ddc _cBK |
||
| 999 |
_c29090 _d29090 |
||